[Event "MMaS_2014_U10"]
[Site "?"]
[Date "2014.10.25"]
[Round "2.6"]
[White "Nezval, Filip"]
[Black "Kolar, Jan"]
[Result "0-1"]
[WhiteElo "1099"]
[BlackElo "1274"]
[PlyCount "64"]
[EventDate "2014.10.25"]

1. e4 e5 2. Nf3 Nc6 3. Bc4 Bc5 4. Nc3 Nf6 5. d3 O-O 6. Bg5 Be7 7. O-O d5 8.
exd5 Nxd5 9. Bxe7 Ndxe7 10. Re1 Bg4 11. Re3 Nf5 12. Re4 h5 13. h3 Bxf3 14. Qxf3
Ncd4 15. Qd1 Qg5 16. Rxe5 Qg6 17. Re4 c6 18. a3 b5 19. Ba2 a6 20. b4 Rad8 21.
Qd2 Nf3+ 22. Kh1 Nxd2 23. Rd1 Nxe4 24. Nxe4 Rfe8 25. Nc5 Nh4 26. g3 Nf3 27.
Nxa6 Re2 28. Kg2 Rxc2 29. Kxf3 Rxd3+ 30. Kg2 Rxd1 31. Bb3 Qe4+ 32. Kh2 Qh1# 0-1

[Event "MMaS_2014_U10"]
[Site "?"]
[Date "2014.10.25"]
[Round "2.7"]
[White "Babula, Vlastimil"]
[Black "Ruzickova, Ema"]
[Result "1-0"]
[WhiteElo "1238"]
[BlackElo "1094"]
[PlyCount "119"]
[EventDate "2014.10.25"]

1. e4 e5 2. Nf3 Nc6 3. Bc4 Nf6 4. Ng5 d5 5. exd5 b5 6. Be2 Qxd5 7. Nc3 Qxg2 8.
Bf3 Qxg5 9. Bxc6+ Bd7 10. Bxa8 Bb4 11. d3 Qg6 12. Bd2 O-O 13. Bf3 Bh3 14. Qe2
Bg2 15. Bxg2 Qxg2 16. O-O-O Re8 17. Nxb5 Bxd2+ 18. Qxd2 Rd8 19. Nc3 Qc6 20.
Rhg1 Rb8 21. Qg5 g6 22. Qxe5 Qb6 23. b3 Re8 24. Qb5 Qd4 25. Qc4 Qxf2 26. Qxc7
Qe3+ 27. Kb1 Qd4 28. Rde1 Rd8 29. Qc4 Qf2 30. Rgf1 Qb6 31. Re2 Rd7 32. Qb5 Qc7
33. Rxf6 a6 34. Qe5 Qb7 35. Qe4 Qc7 36. Rc6 Qa5 37. Qe8+ Kg7 38. Qxd7 Qh5 39.
Rxa6 Qc5 40. Rc6 Qg1+ 41. Kb2 Qg5 42. Re7 Qg2 43. Rxf7+ Kh6 44. Rxh7+ Kg5 45.
Qf7 Qxc6 46. d4 Qb6 47. Qf6+ Qxf6 48. Ne4+ Kf5 49. Nxf6 Kxf6 50. Rd7 Ke6 51. c4
g5 52. a4 g4 53. a5 Kf5 54. a6 Ke4 55. a7 Kf3 56. a8=Q+ Kf2 57. Rf7+ Ke3 58.
Kc2 Kxd4 59. Qd5+ Ke3 60. Qd3# 1-0

[Event "MMaS_2014_U10"]
[Site "?"]
[Date "2014.10.25"]
[Round "2.8"]
[White "Dudova, Pavlina"]
[Black "Fizer, Marek"]
[Result "1-0"]
[WhiteElo "1088"]
[BlackElo "1135"]
[PlyCount "69"]
[EventDate "2014.10.25"]

1. e4 e6 2. d4 d5 3. e5 c5 4. c3 Nc6 5. Nf3 Bd7 6. Bd3 Qb6 7. O-O c4 8. Be2
O-O-O 9. Bg5 Be7 10. Nbd2 Bxg5 11. Nxg5 Nh6 12. b3 f6 13. exf6 gxf6 14. Ngf3 e5
15. bxc4 dxc4 16. Nxc4 Qc7 17. dxe5 fxe5 18. Qd2 Nf7 19. Ng5 Be6 20. Qc1 Nxg5
21. Qxg5 Rdg8 22. Qd2 Qg7 23. Nd6+ Kb8 24. g3 Rd8 25. Rfd1 Rhf8 26. Rab1 Na5
27. Qb2 Rd7 28. Qb5 Bh3 29. Qxa5 Qf6 30. Nb5 Rxd1+ 31. Bxd1 Qg5 32. Qb4 b6 33.
Qd6+ Ka8 34. Bb3 Qf6 35. Bd5# 1-0

[Event "MMaS_2014_U10"]
[Site "?"]
[Date "2014.10.25"]
[Round "2.9"]
[White "Reznicek, Stepan"]
[Black "Cech, Petr"]
[Result "0-1"]
[WhiteElo "1130"]
[BlackElo "1000"]
[PlyCount "50"]
[EventDate "2014.10.25"]

1. e4 e5 2. Nf3 Nc6 3. Bc4 Nd4 4. Nc3 Bc5 5. d3 Nf6 6. Bg5 h6 7. Bh4 O-O 8. Nd5
c6 9. Nxf6+ gxf6 10. Qd2 Kh7 11. Nxd4 exd4 12. Qf4 Be7 13. Qf5+ Kg7 14. Qg4+
Kh8 15. Qh5 Kh7 16. Qf5+ Kg7 17. Bg3 d5 18. Qh5 dxc4 19. Bf4 Rh8 20. dxc4 Bb4+
21. Kf1 d3 22. cxd3 Qxd3+ 23. Kg1 Qxe4 24. Be3 Qxc4 25. h4 Bg4 0-1

[Event "MMaS_2014_U10"]
[Site "?"]
[Date "2014.10.25"]
[Round "2.10"]
[White "Blaha, Lukas"]
[Black "Kubala, Pavel"]
[Result "1-0"]
[WhiteElo "1113"]
[BlackElo "1000"]
[PlyCount "49"]
[EventDate "2014.10.25"]

1. e4 e5 2. Nf3 Nc6 3. Nc3 Bc5 4. Be2 Nf6 5. Nxe5 Nxe5 6. d4 Bb4 7. dxe5 Bxc3+
8. bxc3 Nxe4 9. Bh5 Nxc3 10. Qf3 g6 11. Qxc3 gxh5 12. e6 Ke7 13. Qc5+ Kxe6 14.
Qc4+ Ke7 15. Bg5+ f6 16. Qe4+ Kf7 17. Qf3 Qe8+ 18. Kf1 Qe6 19. Re1 Qa6+ 20. Re2
Kg6 21. Bh4 Rg8 22. Qxh5+ Kg7 23. Kg1 Qxa2 24. Re7+ Kf8 25. Qe8# 1-0

[Event "MMaS_2014_U10"]
[Site "?"]
[Date "2014.10.26"]
[Round "3.1"]
[White "Kolar, Jan"]
[Black "Vantuch, Lucian"]
[Result "0-1"]
[WhiteElo "1274"]
[BlackElo "1614"]
[PlyCount "66"]
[EventDate "2014.10.25"]

1. e4 c5 2. Nf3 d6 3. Nc3 Nf6 4. d4 cxd4 5. Nxd4 g6 6. Be3 Bg7 7. Bd3 O-O 8.
O-O Ng4 9. h3 Nxe3 10. fxe3 Nc6 11. Nxc6 bxc6 12. Qd2 Be6 13. Rf3 Qa5 14. a3
Rab8 15. b4 Qe5 16. Rb1 Qxc3 17. Qxc3 Bxc3 18. Kf2 a5 19. b5 cxb5 20. Rxb5 Rxb5
21. Bxb5 Rc8 22. Bd3 Bb2 23. a4 Bd7 24. Ke2 Bxa4 25. Kd2 Bc3+ 26. Kc1 Rb8 27.
Bc4 e6 28. Ba2 Rb2 29. Bb1 Bc6 30. Rg3 a4 31. e5 Bxe5 32. Rg4 a3 33. Rg5 a2 0-1

[Event "MMaS_2014_U10"]
[Site "?"]
[Date "2014.10.26"]
[Round "3.2"]
[White "Frank, Adam"]
[Black "Babula, Vlastimil"]
[Result "1-0"]
[WhiteElo "1510"]
[BlackElo "1238"]
[PlyCount "81"]
[EventDate "2014.10.25"]

1. e4 e5 2. Nf3 Nf6 3. Nxe5 d6 4. Nf3 Nxe4 5. Nc3 d5 6. d3 Nxc3 7. bxc3 Be7 8.
Be2 O-O 9. O-O Nc6 10. d4 Bf5 11. Bf4 Re8 12. Rb1 Rb8 13. Bb5 Bd7 14. c4 a6 15.
cxd5 axb5 16. dxc6 Bxc6 17. c3 Ra8 18. Ne5 Rxa2 19. Qb3 Qd5 20. Nxc6 bxc6 21.
Qxd5 cxd5 22. Rxb5 c6 23. Rb6 Rc8 24. h3 h6 25. Rfb1 Raa8 26. Rc1 c5 27. Rb7
Bf8 28. dxc5 Rxc5 29. Rd7 Rac8 30. Be5 f6 31. Bd4 Rb5 32. Re1 Rc6 33. Re8 Rd6
34. Rxd6 Kf7 35. Rdd8 Be7 36. Rb8 Ra5 37. Ra8 Rb5 38. Reb8 Rxb8 39. Rxb8 Bd6
40. Rb7+ Be7 41. Bc5 1-0

[Event "MMaS_2014_U10"]
[Site "?"]
[Date "2014.10.26"]
[Round "3.3"]
[White "Faja, Vilem"]
[Black "Dudova, Pavlina"]
[Result "1-0"]
[WhiteElo "1386"]
[BlackElo "1088"]
[PlyCount "109"]
[EventDate "2014.10.25"]

1. e4 e5 2. f4 exf4 3. Nf3 d5 4. exd5 Nf6 5. Bc4 Bc5 6. d4 Qe7+ 7. Qe2 Qxe2+ 8.
Bxe2 Bb6 9. c4 Ba5+ 10. Bd2 Bxd2+ 11. Nbxd2 Bf5 12. O-O O-O 13. Ne5 Re8 14.
Rxf4 Bg6 15. Raf1 Nbd7 16. Nxd7 Nxd7 17. R4f2 Re7 18. Bg4 Nf6 19. Bf5 Bxf5 20.
Rxf5 Re2 21. R5f2 Rxf2 22. Kxf2 Ng4+ 23. Kg3 Ne3 24. Re1 Nf5+ 25. Kg4 Nh6+ 26.
Kf4 g6 27. g4 Rd8 28. h3 Rf8 29. Re7 Rc8 30. Ne4 Kf8 31. Re5 Kg7 32. b3 f6 33.
Re7+ Kf8 34. Re6 f5 35. Ng5 fxg4 36. hxg4 Kg7 37. Re7+ Kg8 38. Ne6 Nf7 39. Nxc7
Kf8 40. Rd7 Kg7 41. Ne6+ Kg8 42. Rxb7 Ra8 43. Nc7 Rf8 44. Kg3 Ng5 45. Ne6 Ne4+
46. Kg2 Rf2+ 47. Kg1 Rxa2 48. c5 Ra1+ 49. Kg2 Ra2+ 50. Kf3 Nd2+ 51. Kf4 Nf1 52.
Ke5 Re2+ 53. Kd6 Rh2 54. Rb8+ Kf7 55. Rf8# 1-0

[Event "MMaS_2014_U10"]
[Site "?"]
[Date "2014.10.26"]
[Round "3.4"]
[White "Nedela, Adam"]
[Black "Vecera, Dominik"]
[Result "1-0"]
[WhiteElo "1122"]
[BlackElo "1287"]
[Annotator "Doe,John"]
[PlyCount "94"]
[EventDate "2014.10.25"]

1. c4 Nf6 2. Nc3 d5 3. cxd5 Nxd5 4. g3 Nxc3 5. bxc3 Bd7 6. Bg2 Nc6 7. e3 g6 8.
Ne2 Bg7 9. O-O O-O 10. d4 Rb8 11. Bb2 Qc8 12. Qd2 Bh6 13. d5 Ne5 14. Qd4 f6 15.
Qxa7 Bh3 16. Rfe1 Qg4 17. Nd4 Qh5 18. Ne6 Rfe8 19. Nf4 Bxf4 20. exf4 Bxg2 21.
Kxg2 Qf3+ 22. Kg1 Qh5 23. Qc5 Ng4 24. Kg2 Nxh2 25. Rh1 Qe2 26. Rxh2 Qxb2 27.
Re1 Qb6 28. Qa3 Ra8 29. Reh1 Qb5 30. Qb3 Qxb3 31. axb3 Rf8 32. Rxh7 Ra3 33.
Rh8+ Kf7 34. R1h7+ Ke8 35. Rxf8+ Kxf8 36. Rh8+ Kg7 37. Rc8 Rxb3 38. Rxc7 Kf7
39. d6 Ke8 40. Rxe7+ Kd8 41. Rg7 Rxc3 42. Rxg6 Rc6 43. Rxf6 Kd7 44. g4 b5 45.
Rf7+ Kxd6 46. Rb7 Rc5 47. g5 Ke6 {Dále neèitelný zápis.} 1-0

[Event "MMaS_2014_U10"]
[Site "?"]
[Date "2014.10.26"]
[Round "3.5"]
[White "Cech, Petr"]
[Black "Blaha, Lukas"]
[Result "0-1"]
[WhiteElo "1000"]
[BlackElo "1113"]
[PlyCount "44"]
[EventDate "2014.10.25"]

1. e4 e5 2. Nf3 Nc6 3. d4 exd4 4. Nxd4 Nf6 5. Bg5 Bc5 6. c3 h6 7. Bxf6 Qxf6 8.
Bb5 Nxd4 9. cxd4 Bxd4 10. Qd2 Bxb2 11. O-O Bxa1 12. Rc1 c6 13. Bd3 b5 14. Nc3
Bxc3 15. Rxc3 O-O 16. Qe2 Qxc3 17. e5 Qa1+ 18. Qf1 Qxe5 19. f4 Qd4+ 20. Kh1 Re8
21. h3 Qxd3 22. Qf2 Qd1+ 0-1

[Event "MMaS_2014_U10"]
[Site "?"]
[Date "2014.10.26"]
[Round "3.6"]
[White "Fikejs, Tomas"]
[Black "Vavra, Jan  "]
[Result "1-0"]
[WhiteElo "1112"]
[BlackElo "1440"]
[PlyCount "57"]
[EventDate "2014.10.25"]

1. e4 e5 2. Nf3 Nc6 3. d4 exd4 4. Nxd4 Bc5 5. Be3 Bb6 6. Bd3 Nf6 7. c3 d5 8.
Nd2 dxe4 9. Nxe4 Nxd4 10. Bxd4 Bxd4 11. cxd4 Qxd4 12. Rb1 Nxe4 13. Qe2 O-O 14.
Bxe4 Re8 15. f3 f5 16. Rd1 Qe5 17. O-O fxe4 18. fxe4 Bd7 19. Qf2 Rf8 20. Qe2
Bb5 21. Rxf8+ Rxf8 22. Qe1 Qxb2 23. Qe3 Qxa2 24. e5 Qc4 25. h3 a5 26. e6 Re8
27. e7 Qh4 28. Re1 Kf7 29. Qe6# 1-0

[Event "MMaS_2014_U10"]
[Site "?"]
[Date "2014.10.26"]
[Round "3.7"]
[White "Fizer, Marek"]
[Black "Ruzickova, Ema"]
[Result "1-0"]
[WhiteElo "1135"]
[BlackElo "1094"]
[Annotator "Doe,John"]
[PlyCount "33"]
[EventDate "2014.10.25"]

1. e4 e5 2. f4 d5 3. fxe5 Qh4+ 4. g3 Qxe4+ 5. Be2 Qxh1 6. Kf1 Bh3+ 7. Kf2 Qg2+
8. Ke3 Qe4+ 9. Kf2 Bc5+ 10. Ke1 Qg2 11. Nxh3 Qxh3 12. d4 Be7 13. Be3 Nc6 14.
Nc3 O-O-O 15. Bg4+ Qxg4 16. Qxg4+ Kb8 17. Qxg7 {Nemozny tah Jg8 - d7} 1-0

[Event "MMaS_2014_U10"]
[Site "?"]
[Date "2014.10.26"]
[Round "3.8"]
[White "Vasinek, Martin"]
[Black "Reznicek, Stepan"]
[Result "0-1"]
[WhiteElo "1083"]
[BlackElo "1130"]
[PlyCount "84"]
[EventDate "2014.10.25"]

1. e4 e5 2. Nf3 Nc6 3. Bc4 Nf6 4. d3 Bc5 5. Nc3 d6 6. Bg5 Bg4 7. h3 Bh5 8. Nd5
Nd4 9. Nxf6+ gxf6 10. Bh4 Qe7 11. c3 Nxf3+ 12. gxf3 O-O-O 13. Qd2 Rhg8 14.
O-O-O Rg6 15. Rhg1 Rdg8 16. Rxg6 Rxg6 17. Bg3 Rg7 18. Rg1 Qd7 19. h4 f5 20. Bh2
Rxg1+ 21. Bxg1 f4 22. Qd1 Qh3 23. Bb3 Bxf3 24. Qe1 f6 25. Bd1 Bxd1 26. Qxd1
Qxh4 27. Qf3 Qg5 28. Bh2 h5 29. d4 Bb6 30. Kd2 Qh4 31. Qg2 c5 32. Qg8+ Bd8 33.
Qe6+ Kc7 34. Qf7+ Kc6 35. Qd5+ Kd7 36. Qxb7+ Bc7 37. Qb5+ Kd8 38. Bg1 Qg5 39.
Qf1 f3+ 40. Kd3 exd4 41. cxd4 cxd4 42. Bh2 Qb5+ 0-1

[Event "MMaS_2014_U10"]
[Site "?"]
[Date "2014.10.26"]
[Round "3.9"]
[White "Tajovsky, Simon"]
[Black "Broz, Jan"]
[Result "0-1"]
[WhiteElo "1125"]
[BlackElo "1000"]
[PlyCount "116"]
[EventDate "2014.10.25"]

1. d4 d5 2. c4 Nf6 3. Nc3 dxc4 4. e3 e5 5. Nf3 exd4 6. Qxd4 Qxd4 7. Nxd4 Bb4 8.
Bd2 Bd7 9. Bxc4 b5 10. Bd3 a6 11. O-O Nc6 12. Nf3 Bg4 13. Ng5 Rd8 14. Be4 Nxe4
15. Ngxe4 Bxc3 16. Bxc3 O-O 17. f3 Bf5 18. g4 Bxe4 19. fxe4 Rfe8 20. Rf4 g5 21.
Rf5 h6 22. Rc1 Rxe4 23. Bf6 Rd2 24. Rxc6 Rxg4+ 25. Kf1 Rh4 26. Rxc7 Rhxh2 27.
Rc8+ Kh7 28. Ke1 Rxb2 29. Bxb2 Rxb2 30. Rxf7+ Kg6 31. Ra7 h5 32. Rxa6+ Kf5 33.
Rf8+ Kg4 34. Ra5 h4 35. Rh8 h3 36. Kf1 Kg3 37. e4 g4 38. Ra3+ Kh2 39. Rg8 b4
40. Rb3 Rxb3 41. axb3 g3 42. e5 g2+ 43. Kf2 Kh1 44. e6 h2 45. e7 g1=Q+ 46.
Rxg1+ hxg1=Q+ 47. Kf3 Qg8 48. Ke3 Qe6+ 49. Kd3 Qxe7 50. Kc4 Kg2 51. Kb5 Qe4 52.
Ka4 Qb7 53. Ka5 Kf3 54. Ka4 Ke4 55. Ka5 Kd3 56. Ka4 Kd4 57. Ka5 Kc5 58. Ka4
Qa7# 0-1

[Event "MMaS_2014_U10"]
[Site "?"]
[Date "2014.10.26"]
[Round "3.10"]
[White "Cimburek, Jan"]
[Black "Habinova, Alice"]
[Result "0-1"]
[WhiteElo "1049"]
[BlackElo "1124"]
[PlyCount "56"]
[EventDate "2014.10.25"]

1. e4 e5 2. Nf3 Nc6 3. Nc3 Nf6 4. d3 Be7 5. Be2 O-O 6. Bg5 h6 7. Bh4 d5 8. exd5
Nxd5 9. Nxd5 Qxd5 10. h3 Be6 11. Qd2 Rad8 12. O-O e4 13. c4 Qf5 14. Nh2 Bxh4
15. Bg4 Qf6 16. Bxe6 Qxe6 17. Rfe1 Qf6 18. Ng4 Qg6 19. Rxe4 f5 20. Ne5 Nxe5 21.
Rxe5 f4 22. Qb4 f3 23. g3 Bf6 24. Re3 Bd4 25. Re4 Qh5 26. Rh4 Qg6 27. Re1 Qxg3+
28. Kh1 Qg2# 0-1

[Event "MMaS_2014_U10"]
[Site "?"]
[Date "2014.10.26"]
[Round "4.1"]
[White "Vantuch, Lucian"]
[Black "Faja, Vilem"]
[Result "1-0"]
[WhiteElo "1614"]
[BlackElo "1386"]
[PlyCount "79"]
[EventDate "2014.10.25"]

1. e4 c5 2. Nf3 d6 3. d4 cxd4 4. Nxd4 Nf6 5. Nc3 e6 6. Be3 Be7 7. f3 Bd7 8. Qd2
Nc6 9. O-O-O Rc8 10. Ndb5 d5 11. exd5 exd5 12. Nxd5 Nxd5 13. Qxd5 Nb4 14. Nd6+
Bxd6 15. Qxd6 Nxc2 16. Bc5 f6 17. Kxc2 Ba4+ 18. b3 Qxd6 19. Rxd6 Rxc5+ 20. Kb2
Ke7 21. Rd4 Bd7 22. Bc4 Re5 23. f4 Re3 24. Kc2 b5 25. Kd2 Re6 26. Bxe6 Bxe6 27.
Re1 Kf7 28. Rd6 Bf5 29. Rc6 Rd8+ 30. Kc3 a5 31. Re2 b4+ 32. Kb2 Rd1 33. Rc1 Rd4
34. g3 Bg4 35. Rf2 Rd5 36. a3 Be6 37. Ka2 a4 38. axb4 axb3+ 39. Ka3 Ra5+ 40.
bxa5 1-0

[Event "MMaS_2014_U10"]
[Site "?"]
[Date "2014.10.26"]
[Round "4.2"]
[White "Nedìla, Adam"]
[Black "Frank, Adam"]
[Result "1-0"]
[WhiteElo "1122"]
[BlackElo "1510"]
[PlyCount "93"]
[EventDate "2014.10.25"]

1. c4 f5 2. Nc3 Nf6 3. g3 g6 4. Bg2 Bg7 5. e3 O-O 6. Nge2 d6 7. O-O e5 8. d4
Nbd7 9. b3 Nb6 10. c5 dxc5 11. dxe5 Qxd1 12. Rxd1 Ne4 13. Nxe4 fxe4 14. Bxe4
Bxe5 15. Rb1 Bf5 16. Bxf5 Rxf5 17. Bb2 Bxb2 18. Rxb2 Rd5 19. Rxd5 Nxd5 20. e4
Nb6 21. e5 Re8 22. f4 g5 23. Nc3 gxf4 24. gxf4 c6 25. Ne4 Nd5 26. Kf2 Rf8 27.
Nxc5 Nxf4 28. Ke3 Ng6 29. Nxb7 Nxe5 30. Na5 c5 31. Ke4 Re8 32. Kd5 Re7 33. Re2
Rd7+ 34. Ke6 Rd8 35. Rxe5 Re8+ 36. Kd5 Rxe5+ 37. Kxe5 Kg7 38. Nb7 Kg6 39. Nxc5
h5 40. Kf4 a5 41. a3 Kf6 42. b4 axb4 43. axb4 h4 44. b5 Ke7 45. b6 Kd6 46. b7
Kc7 47. Kg4 {1-0 Nedela,A-Frank,A} 1-0

[Event "MMaS_2014_U10"]
[Site "?"]
[Date "2014.10.26"]
[Round "4.3"]
[White "Blaha, Lukas"]
[Black "Fikejs, Tomas"]
[Result "1-0"]
[WhiteElo "1113"]
[BlackElo "1112"]
[PlyCount "67"]
[EventDate "2014.10.25"]

1. e4 c5 2. Nf3 d6 3. Nc3 Nf6 4. h3 Nc6 5. Nd5 e6 6. Nxf6+ Qxf6 7. Bc4 Bd7 8.
O-O g6 9. Re1 Bg7 10. d3 h6 11. Bd2 Qxb2 12. Rb1 Qf6 13. Rxb7 Rb8 14. Rxb8+
Nxb8 15. Qb1 O-O 16. Bb5 Qb2 17. Qxb2 Bxb2 18. Bxd7 Nxd7 19. Bxh6 Bg7 20. Bxg7
Kxg7 21. e5 d5 22. c4 dxc4 23. dxc4 Nb6 24. Rc1 f6 25. exf6+ Rxf6 26. Ne5 Rf4
27. g3 Re4 28. Nc6 Nxc4 29. Nxa7 Re5 30. f4 Rd5 31. Rxc4 g5 32. fxg5 e5 33. Nc6
Kg6 34. Ne7+ 1-0

[Event "MMaS_2014_U10"]
[Site "?"]
[Date "2014.10.26"]
[Round "4.5"]
[White "Richter, Rudolf"]
[Black "Kolar, Jan"]
[Result "0-1"]
[WhiteElo "1108"]
[BlackElo "1274"]
[PlyCount "40"]
[EventDate "2014.10.25"]

1. e4 e5 2. Nf3 Nc6 3. Bc4 Bc5 4. c3 Nf6 5. d4 exd4 6. cxd4 Bb4+ 7. Bd2 O-O 8.
Nc3 Bxc3 9. Bxc3 Nxe4 10. d5 Re8 11. O-O Nxc3 12. bxc3 Na5 13. Bd3 d6 14. Re1
Bg4 15. Qa4 Rxe1+ 16. Rxe1 Bxf3 17. gxf3 b6 18. Qe4 g6 19. Bb5 Kg7 20. Qe8 Qg5+
0-1

[Event "MMaS_2014_U10"]
[Site "?"]
[Date "2014.10.26"]
[Round "4.6"]
[White "Babula, Vlastimil"]
[Black "Havel, Vojtech"]
[Result "1-0"]
[WhiteElo "1238"]
[BlackElo "1100"]
[Annotator "Doe,John"]
[PlyCount "61"]
[EventDate "2014.10.25"]

1. e4 e5 2. Nf3 Nc6 3. Bc4 Nf6 4. Ng5 d5 5. exd5 Bc5 6. dxc6 bxc6 7. Nxf7 Qd7
8. Nxh8 e4 9. O-O Ke7 10. d3 Ba6 11. Bxa6 Rxh8 12. Bg5 h6 13. Bxf6+ Kxf6 14.
Nc3 Bd6 15. Nxe4+ Kf7 16. Qf3+ Ke8 17. Bc4 Rf8 18. Qh5+ Kd8 19. f4 Bxf4 20.
Qh4+ Qe7 21. Rxf4 Rxf4 22. Qxf4 Qb4 23. Bb3 g5 24. Qf6+ Qe7 25. Qxc6 Qd7 26.
Qxh6 Qe7 27. Qh8+ Qe8 28. Qxe8+ Kxe8 29. Rf1 Ke7 30. Rf6 c5 31. Rg6 {
Bílí zahrál nemo#ný tah ve kterém partie pokraèovala...} 1-0

[Event "MMaS_2014_U10"]
[Site "?"]
[Date "2014.10.26"]
[Round "4.7"]
[White "Broz, Jan"]
[Black "Fizer, Marek"]
[Result "0-1"]
[WhiteElo "1000"]
[BlackElo "1135"]
[PlyCount "52"]
[EventDate "2014.10.25"]

1. e4 e6 2. Nc3 d5 3. exd5 exd5 4. d4 Nf6 5. Nf3 Be7 6. Bf4 O-O 7. Bd3 Bb4 8.
Qd2 Re8+ 9. Be2 Ne4 10. Qd3 Qe7 11. O-O Nxc3 12. bxc3 Ba5 13. Ng5 g6 14. Rfe1
Bf5 15. Qf3 Qa3 16. Qxd5 Be6 17. Qxb7 Bxc3 18. Qxa8 Bxa1 19. Rxa1 Bd7 20. Re1
Bc6 21. Qxb8 Rxb8 22. Bxc7 Re8 23. Be5 Qxa2 24. c4 f6 25. Bxf6 Rxe2 26. Rxe2
Qb1+ 0-1

[Event "MMaS_2014_U10"]
[Site "?"]
[Date "2014.10.26"]
[Round "4.8"]
[White "Reznicek, Stepan"]
[Black "Dudova, Pavlina"]
[Result "1-0"]
[WhiteElo "1130"]
[BlackElo "1088"]
[PlyCount "117"]
[EventDate "2014.10.25"]

1. e4 e5 2. Nf3 Nc6 3. Bc4 Nf6 4. d3 d5 5. exd5 Nxd5 6. Bxd5 Qxd5 7. Nc3 Bb4 8.
O-O Bxc3 9. bxc3 O-O 10. d4 Bg4 11. dxe5 Qxd1 12. Rxd1 Bxf3 13. gxf3 Nxe5 14.
f4 Ng6 15. Rd7 Rfd8 16. Rxc7 Rd1+ 17. Kg2 Nxf4+ 18. Kf3 Nd5 19. Rxb7 Nxc3 20.
Rc7 Nb5 21. Rb7 Nd4+ 22. Kg3 Nxc2 23. Rab1 h6 24. R7b2 Rg1+ 25. Kh3 Nd4 26. Be3
Rxb1 27. Rxb1 Nf5 28. Rb7 Nxe3 29. fxe3 Re8 30. Rxa7 Rxe3+ 31. Kg2 f5 32. Kf2
f4 33. a4 g5 34. a5 g4 35. a6 Ra3 36. Ra8+ Kf7 37. a7 Ra2+ 38. Kf1 Ke7 39. Kg1
Kd7 40. Rf8 Ke6 41. a8=Q Rb2 42. Qe4+ Kd7 43. Qd4+ Ke6 44. Qxb2 f3 45. Rxf3
gxf3 46. Qb3+ Kd6 47. Qxf3 h5 48. Qe4 h4 49. Kf2 h3 50. Ke3 Kc5 51. Qd4+ Kc6
52. Ke4 Kb5 53. Qc3 Kb6 54. Qc4 Kb7 55. Qc5 Kb8 56. Qe7 Kc8 57. Kd5 Kb8 58. Kc6
Ka8 59. Qb7# 1-0

[Event "MMaS_2014_U10"]
[Site "?"]
[Date "2014.10.26"]
[Round "4.9"]
[White "Habinova, Alice"]
[Black "Cech, Petr"]
[Result "1-0"]
[WhiteElo "1124"]
[BlackElo "1000"]
[PlyCount "55"]
[EventDate "2014.10.25"]

1. e4 e5 2. Nf3 Nc6 3. d4 exd4 4. Bc4 Bc5 5. c3 dxc3 6. Bxf7+ Kxf7 7. Qd5+ Ke8
8. Qxc5 cxb2 9. Bxb2 Nf6 10. O-O Nxe4 11. Re1 d5 12. Nbd2 Bf5 13. Nxe4 Bxe4 14.
Bxg7 Rg8 15. Rad1 Rxg7 16. Rxe4+ Ne7 17. Rxd5 Qc8 18. Rde5 Qd7 19. h3 b6 20.
Qe3 c6 21. Nh4 Kf8 22. Qf3+ Rf7 23. Rf4 Rxf4 24. Qxf4+ Ke8 25. Nf5 Kd8 26. Rxe7
Qd1+ 27. Kh2 Qc2 28. Qc7# 1-0

[Event "MMaS_2014_U10"]
[Site "?"]
[Date "2014.10.26"]
[Round "4.10"]
[White "Tajovsky, Simon"]
[Black "Kanak, Matyas"]
[Result "1-0"]
[WhiteElo "1125"]
[BlackElo "1017"]
[PlyCount "59"]
[EventDate "2014.10.25"]

1. d4 d5 2. c4 c6 3. Nc3 Nf6 4. Nf3 e6 5. Bg5 h6 6. Bh4 Bd6 7. e3 Nbd7 8. c5
Be7 9. Bd3 O-O 10. O-O b6 11. b4 bxc5 12. bxc5 Rb8 13. Qa4 Qc7 14. Bg3 Qb7 15.
Bxb8 Nxb8 16. Rab1 Qa8 17. Rb3 Nbd7 18. Re1 a6 19. e4 Re8 20. e5 Nh7 21. Reb1
Qa7 22. Qxc6 f6 23. Qxe6+ Kh8 24. Qxd5 Rd8 25. Qe4 Ndf8 26. Ra3 Rd7 27. e6 Bb7
28. c6 Bxa3 29. exd7 Nxd7 30. Qxh7# 1-0

[Event "MMaS_2014_U10"]
[Site "?"]
[Date "2014.10.27"]
[Round "5.1"]
[White "Vantuch, Lucian"]
[Black "Nedela, Adam"]
[Result "1-0"]
[WhiteElo "1614"]
[BlackElo "1122"]
[PlyCount "55"]
[EventDate "2014.10.25"]

1. e4 c5 2. d4 cxd4 3. c3 d3 4. Bxd3 Nc6 5. Nf3 g6 6. O-O Bg7 7. Bf4 Nf6 8. Na3
a6 9. Nc2 O-O 10. Ncd4 Nxd4 11. cxd4 d5 12. e5 Nd7 13. Re1 b6 14. Bg3 Nb8 15.
h3 Nc6 16. Rc1 Bb7 17. e6 fxe6 18. Bb1 b5 19. Rxe6 Qb6 20. Bh4 Bxd4 21. Rcxc6
Bxc6 22. Nxd4 Rac8 23. Bxg6 hxg6 24. Rxg6+ Kf7 25. Qh5 Ke8 26. Rxc6+ Kd7 27.
Qxd5+ Ke8 28. Rxc8+ 1-0

[Event "MMaS_2014_U10"]
[Site "?"]
[Date "2014.10.27"]
[Round "5.2"]
[White "Frank, Adam"]
[Black "Blaha, Lukas"]
[Result "1-0"]
[WhiteElo "1510"]
[BlackElo "1113"]
[PlyCount "57"]
[EventDate "2014.10.25"]

1. e4 e5 2. Nf3 Nc6 3. Bb5 Nf6 4. O-O Bc5 5. Re1 O-O 6. c3 d6 7. d4 exd4 8.
cxd4 Bb4 9. Bd2 Bxd2 10. Nbxd2 Bd7 11. h3 a6 12. Ba4 Re8 13. Bb3 Qe7 14. Ng5
Nd8 15. Nf1 h6 16. Nf3 Nxe4 17. Ng3 Nxg3 18. Rxe7 Rxe7 19. fxg3 Nc6 20. Qd2
Rae8 21. Re1 Be6 22. d5 Bxd5 23. Rxe7 Rxe7 24. Qxd5 Nb4 25. Qxb7 Nd3 26. Bc2
Re3 27. Bxd3 Rxd3 28. Qc8+ Kh7 29. Qf5+ 1-0

[Event "MMaS_2014_U10"]
[Site "?"]
[Date "2014.10.27"]
[Round "5.3"]
[White "Faja, Vilem"]
[Black "Reznicek, Stepan"]
[Result "1-0"]
[WhiteElo "1386"]
[BlackElo "1130"]
[PlyCount "53"]
[EventDate "2014.10.25"]

1. d4 d5 2. c4 dxc4 3. e3 Bf5 4. Bxc4 e6 5. Nf3 Bb4+ 6. Bd2 Bxd2+ 7. Nbxd2 Nf6
8. O-O O-O 9. Rc1 Nc6 10. a3 Re8 11. Bb5 Qd6 12. Ne5 Nxe5 13. dxe5 Qxe5 14.
Bxe8 Rxe8 15. Nc4 Qd5 16. Qxd5 exd5 17. Nd2 c6 18. Nb3 h6 19. Nd4 Be4 20. b4 a6
21. Nb3 Nd7 22. Na5 Rb8 23. Rfe1 Ne5 24. Rc3 Nd3 25. Re2 b6 26. Nxc6 Rc8 27.
Ne7+ 1-0

[Event "MMaS_2014_U10"]
[Site "?"]
[Date "2014.10.27"]
[Round "5.4"]
[White "Kolár, Jan"]
[Black "Habinova, Alice"]
[Result "1-0"]
[WhiteElo "1274"]
[BlackElo "1124"]
[PlyCount "31"]
[EventDate "2014.10.25"]

1. e4 e5 2. Nf3 Nc6 3. Nc3 Nf6 4. Bc4 Bc5 5. O-O O-O 6. d3 d6 7. Bg5 h6 8. Bh4
Bg4 9. h3 Bh5 10. Nd5 Re8 11. Kh1 Nd4 12. Rg1 Kh8 13. Bxf6 gxf6 14. Qd2 Bxf3
15. Qxh6+ Kg8 16. gxf3# 1-0

[Event "MMaS_2014_U10"]
[Site "?"]
[Date "2014.10.27"]
[Round "5.5"]
[White "Fikejs, Tomas"]
[Black "Babula, Vlastimil"]
[Result "1-0"]
[WhiteElo "1112"]
[BlackElo "1238"]
[PlyCount "77"]
[EventDate "2014.10.25"]

1. e4 e5 2. Nf3 Nf6 3. Nc3 Nc6 4. Bb5 d6 5. Nd5 Nxe4 6. O-O Be7 7. Qe2 Nc5 8.
d4 exd4 9. Nxd4 Bd7 10. Nxe7 Nxe7 11. Bxd7+ Qxd7 12. Re1 Kf8 13. Qf3 c6 14. Re2
Re8 15. Bd2 d5 16. Rae1 Ne4 17. Qf4 Qd6 18. Qxd6 Nxd6 19. Bb4 Ndc8 20. Nf5 b6
21. Nxe7 c5 22. Nxc8 Rxc8 23. Bc3 d4 24. Bd2 h5 25. Re7 a5 26. a3 h4 27. h3 Rh5
28. b4 a4 29. g4 Rh7 30. Rb7 cxb4 31. Bxb4+ Kg8 32. Ree7 Rh8 33. Rbd7 Rxc2 34.
Rxd4 Rc8 35. Bd2 Rb8 36. Rxa4 b5 37. Ra5 Kh7 38. Re5 Kg6 39. Raxb5 1-0

[Event "MMaS_2014_U10"]
[Site "?"]
[Date "2014.10.27"]
[Round "5.6"]
[White "Nezval, Filip"]
[Black "Fizer, Marek"]
[Result "1-0"]
[WhiteElo "1099"]
[BlackElo "1135"]
[PlyCount "75"]
[EventDate "2014.10.25"]

1. e4 e6 2. d4 d5 3. exd5 exd5 4. Nc3 c6 5. Nf3 Nf6 6. a3 Be7 7. Be2 O-O 8. O-O
Bf5 9. Bf4 Re8 10. Re1 c5 11. Nb5 Na6 12. c4 Qb6 13. Qb3 Bd7 14. a4 dxc4 15.
Bxc4 Kh8 16. Bxf7 Rf8 17. Rxe7 cxd4 18. Nbxd4 Qxb3 19. Bxb3 Nc5 20. Be6 Bxe6
21. Nxe6 Nxe6 22. Rxe6 Rf7 23. h3 Nd5 24. Rae1 h6 25. Re8+ Rxe8 26. Rxe8+ Kh7
27. Bg3 Rf6 28. Rd8 Nb6 29. Rb8 Nxa4 30. Rxb7 a6 31. b3 Nc5 32. Rb8 Nd7 33. Rb7
Nc5 34. Be5 Rxf3 35. Rxg7+ Kh8 36. Rg3+ Kh7 37. Rxf3 Nd7 38. Rf7+ 1-0